[Event "Fouesnant op 13th"]
[Site "Fouesnant"]
[Date "2007.11.03"]
[Round "9"]
[White "Le Moy, Patrick"]
[Black "Lozach, Leo"]
[Result "1-0"]
[WhiteElo "1867"]
[BlackElo "1620"]
[PlyCount "69"]
[EventDate "2007.10.27"]
[EventType "swiss"]
[EventRounds "9"]
[EventCountry "FRA"]
[SourceTitle "EXT 2008"]
[Source "ChessBase"]
[SourceDate "2007.11.25"]
[SourceVersion "1"]
[SourceVersionDate "2007.11.25"]
[SourceQuality "1"]

1. d4 d5 2. c4 e6 3. Nf3 Nc6 4. e3 Nf6 5. a3 g6 6. cxd5 exd5 7. Bb5 Bg7 8. 0-0 0-0 9. Nbd2 Bd7 10. b4 a6 11. Bd3 Re8 12. Re1 Ne4 13. Nb3 Bg4 14. Bb2 Qf6 15. Be2 Ng5 16. Nxg5 Bxe2 17. Rxe2 Qxg5 18. Qc2 Re7 19. Nc5 b6 20. Nxa6 Nxd4 21. exd4 Rxa6 22. Rxe7 Qxe7 23. b5 Ra5 24. Qc6 Qd6 25. Qxd6 cxd6 26. a4 Ra7 27. Kf1 f5 28. Ke2 Kf7 29. Kd3 Ke7 30. Bc3 Kd7 31. a5 bxa5 32. Bxa5 Kc8 33. Rc1+ Kb8 34. Bb4 Bf8 35. Re1 1-0

[Event "Fouesnant op 12th"]
[Site "Fouesnant"]
[Date "2006.11.02"]
[Round "7"]
[White "Rault, Antoine"]
[Black "Lozach, Leo"]
[Result "1/2-1/2"]
[WhiteElo "1640"]
[BlackElo "1480"]
[PlyCount "94"]
[EventDate "2006.10.28"]
[EventType "swiss"]
[EventRounds "9"]
[EventCountry "FRA"]
[SourceTitle "EXT 2008"]
[Source "ChessBase"]
[SourceDate "2007.11.25"]
[SourceVersion "1"]
[SourceVersionDate "2007.11.25"]
[SourceQuality "1"]

1. e4 e5 2. Nf3 Nc6 3. Bb5 a6 4. Ba4 d6 5. Bxc6+ bxc6 6. h3 Nf6 7. d3 h6 8. 0-0 Qe7 9. c4 Qe6 10. b3 d5 11. exd5 cxd5 12. Nxe5 Qxe5 13. Re1 Ne4 14. d4 Qd6 15. f3 Qg6 16. fxe4 dxe4 17. Qf3 f5 18. Nc3 Bb4 19. Bb2 0-0 20. Qf4 Bd6 21. Qe3 Qg3 22. Qxg3 Bxg3 23. Rf1 c6 24. Ne2 Bc7 25. Nf4 Bxf4 26. Rxf4 g5 27. Rf2 Bd7 28. Re1 Rae8 29. Ba3 Rf7 30. Bd6 Kh7 31. c5 e3 32. Rf3 f4 33. Kh2 Be6 34. Be5 Bd5 35. Rff1 a5 36. g3 e2 37. Rxe2 fxg3+ 38. Kg1 Rxf1+ 39. Kxf1 g2+ 40. Kg1 Rf8 41. Rf2 Rxf2 42. Kxf2 Kg6 43. Bh2 Kf5 44. Ke3 g4 45. h4 g3 46. Bg1 Kg4 47. h5 Kg5 1/2-1/2